[Event "Wellington Club Championship - Open Swiss"]
[Site "Wellington Chess Club"]
[Date "2024.10.10"]
[Round "3.13"]
[White "Miriyala, Sreenikesh"]
[Black "Grant, Elliot"]
[Result "0-1"]
[WhiteElo "948"]
[BlackElo "1667"]
[WhiteFideId "4325532"]
[BlackFideId "0"]
[PlyCount "0"]
[EventDate "2024.09.26"]
[SourceDate ""]

1. e4 c6 2. d4 d5 3. exd5 cxd5 4. Nf3 Bf5 5. Nc3 e6 6. Bf4 Bb4 7. Bb5+ Nc6 8.
Ne5 Qb6 9. Nxc6 bxc6 10. Bd3 Qxd4 11. Bd2 Bxd3 12. cxd3 Qxd3 13. Qa4 Qc4 14.
Qd1 Nf6 15. Qe2 {This move was not played in the game, castling was. The next
few moves are added to make this legal in the pgn.} 15... Qb5 16. O-O O-O 17.
Qd1 Qc4 18. Qf3 d4 19. Ne4 Bxd2 20. Nxd2 Qd5 21. Qd3 c5 22. b3 a5 23. Rac1 Rfc8
24. Rc4 Nd7 25. Rd1 Ne5 26. Qg3 Nxc4 27. bxc4 Qf5 28. Nf3 f6 29. Nh4 Qg5 30.
Qxg5 fxg5 31. Nf3 h6 32. Re1 Re8 33. Ne5 Rab8 34. Nc6 Rb2 35. Nxa5 Rxa2 36. Nb7
Rc2 37. Nxc5 Rxc4 38. h3 Rxc5 39. Rd1 e5 40. Kh2 Kf7 41. Kg3 Kf6 42. h4 gxh4+
43. Kxh4 Rd5 44. Kg4 e4 45. Rf1 d3 46. Rd1 e3 47. fxe3 Rxe3 48. Rf1+ Kg6 49.
Rd1 Rd4# 0-1

[Event "Wellington Club Championship - Open Swiss"]
[Site "Wellington Chess Club"]
[Date "2024.10.10"]
[Round "3.14"]
[White "Wilkins, Mark"]
[Black "Hao, John"]
[Result "1-0"]
[WhiteElo "1906"]
[BlackElo "1045"]

1. e4 c5 2. c3 Nc6 3. d4 e6 4. d5 exd5 5. exd5 Ne5 6. Qe2 d6 7. f4 Qe7 8. fxe5
Qxe5 9. Nf3 Qxe2+ 10. Bxe2 Be7 11. O-O Bd7 12. a4 h5 13. Ng5 Bxg5 14. Bxg5 h4
15. h3 f6 16. Bf4 O-O-O 17. Bb5 g5 18. Bh2 g4 19. Bxd7+ Rxd7 20. hxg4 h3 21. g3
Rg7 22. Nd2 Nh6 23. Ne4 Nxg4 24. Nxd6+ Kb8 25. Nf5 Rg5 26. Rf4 Rhg8 27. Rxg4
Rxg4 28. Nh6 Kc7 29. Nxg8 Rxg8 30. Re1 Kd6 31. c4 b6 32. Re6+ Kd7 33. Rxf6 Rg4
34. Rf4 Rxf4 35. gxf4 Ke7 36. Kf2 a6 37. Kg3 Kf6 38. Kg4 Kf7 39. Kxh3 Kf6 40.
Kg4 Kf7 41. Kf5 a5 42. b3 Ke7 43. Kg6 Ke8 44. Kg7 Ke7 45. f5 Ke8 46. f6 Kd7 47.
f7 Ke7 48. f8=Q+ Kd7 49. Qf7+ Kd8 50. d6 Kc8 51. Qc7# 1-0

[Event "Wellington Club Championship - Open Swiss"]
[Site "Wellington Chess Club"]
[Date "2024.10.10"]
[Round "3.15"]
[White "Hurndell, Robert"]
[Black "Pham, Luca"]
[Result "1-0"]
[WhiteElo "1730"]
[BlackElo "947"]

1. e4 e5 2. Nf3 Nc6 3. Bb5 Nf6 4. Qe2 Bc5 5. O-O O-O 6. c3 a6 7. Ba4 d5 8. d3
d4 9. Bxc6 bxc6 10. Nxe5 Bb7 11. Bg5 dxc3 12. bxc3 h6 13. Bh4 g5 14. Bg3 Bc8
15. d4 Bb6 16. Nxc6 Qe8 17. Ne5 c6 18. Nd2 Bc7 19. Ndc4 Bxe5 20. Nxe5 h5 21. h4
gxh4 22. Bxh4 Ng4 23. Nxg4 Bxg4 24. Qe3 f6 25. f3 Kh7 26. fxg4 hxg4 27. Rxf6
Rxf6 28. Bxf6 Qg6 29. Rf1 Rg8 30. e5 Qh5 31. Qe4+ Kh6 32. Rf5 Qg6 33. Qf4+ Kh7
34. Qh2+ Qh6 35. Rh5 Rg6 36. Bg5 Qxh5 37. Qxh5+ Kg7 38. Bf6+ Kf7 39. Qh7+ Ke6
40. Qxg6 a5 41. c4 c5 42. d5+ Kd7 43. Qf7+ Kc8 44. e6 a4 45. e7 Kb7 46. e8=Q+
Ka6 47. Qb5# 1-0

[Event "Wellington Club Championship - Open Swiss"]
[Site "Wellington Chess Club"]
[Date "2024.10.10"]
[Round "3.16"]
[White "Ravi, Vrajesh"]
[Black "Ulm, Eric"]
[Result "0-1"]
[WhiteElo "1114"]
[BlackElo "1473"]
[WhiteFideId "4326407"]
[BlackFideId "4325575"]
[PlyCount "0"]
[EventDate "2024.09.26"]
[SourceDate ""]

1. e4 d5 2. exd5 Nf6 3. c4 e6 4. dxe6 Bxe6 5. d3 Qe7 6. Nf3 Bxc4+ 7. Be2 Be6 8.
O-O Nc6 9. Qa4 Qb4 10. Qxb4 Nxb4 11. Bd1 Nxd3 12. Ba4+ c6 13. Ng5 Nc5 14. Nxe6
Nxe6 15. Bb3 Nd5 16. Bxd5 cxd5 17. Re1 Be7 18. h3 O-O 19. Nc3 Rad8 20. Be3 d4
21. Bxd4 Rxd4 22. Nb5 Rd5 23. Nc3 Rd7 24. Rad1 Rxd1 25. Nxd1 Rd8 26. Nc3 Bb4
27. a3 Bxc3 28. bxc3 h6 29. Re4 Kf8 30. f4 Rd3 31. f5 Ng5 32. Rc4 Rd7 33. Rc8+
Ke7 34. c4 Kd6 35. Rg8 f6 36. Kf2 Ke5 37. g4 Nxh3+ 0-1

[Event "Wellington Club Championship - Open Swiss"]
[Site "Wellington Chess Club"]
[Date "2024.10.10"]
[Round "3.17"]
[White "Qin, Dan"]
[Black "Rippon, Joshua"]
[Result "0-1"]
[WhiteElo "1177"]
[BlackElo "1772"]
[WhiteFideId "0"]
[BlackFideId "0"]
[PlyCount "0"]
[EventDate "2024.09.26"]
[SourceDate ""]

1. d4 d5 2. Bf4 Nf6 3. e3 Bf5 4. c4 e6 5. Nc3 c6 6. Bd3 Bxd3 7. Qxd3 Nbd7 8.
Nf3 Be7 9. O-O O-O 10. e4 dxe4 11. Nxe4 Qa5 12. h4 Rfd8 13. Ne5 Nxe5 14. Bxe5
Qxe5 15. dxe5 Rxd3 16. exf6 gxf6 17. Rad1 Rad8 18. Rxd3 Rxd3 19. g3 Rd4 20. Nc3
Rxc4 21. Rd1 Rb4 22. Rd7 Bc5 23. b3 f5 24. Na4 Bf8 25. Rd8 Kg7 26. Kf1 h5 27.
Ke2 f4 28. Kd3 fxg3 29. fxg3 Rg4 30. Rd7 Rxg3+ 31. Kc4 b5+ 0-1

[Event "Wellington Club Championship - Open Swiss"]
[Site "Wellington Chess Club"]
[Date "2024.10.10"]
[Round "3.19"]
[White "Page, Archer"]
[Black "Hamilton, Marcus"]
[Result "1-0"]
[WhiteElo "1600"]
[BlackElo "1300"]
[WhiteFideId "0"]
[BlackFideId "0"]
[PlyCount "0"]
[EventDate "2024.09.26"]
[SourceDate ""]

1. d4 d5 2. c4 Nf6 3. cxd5 Nxd5 4. Nf3 e6 5. e4 Nf6 6. Bd3 Bb4+ 7. Bd2 Nc6 8.
Bxb4 Nxb4 9. Qa4+ Nc6 10. Bb5 Bd7 11. Nc3 O-O 12. d5 Ne7 13. Rd1 Bxb5 14. Qxb5
Qc8 15. O-O c6 16. Qc5 Re8 17. d6 Ng6 18. Rd2 Nd7 19. Qh5 Qd8 20. Rfd1 Nf6 21.
Qg5 Rb8 22. Qc5 a6 23. Re1 Nd7 24. Qa3 e5 25. Qb3 Nc5 26. Qc4 b6 27. b4 Nd7 28.
Qxa6 Ra8 29. Qc4 c5 30. bxc5 bxc5 31. Rb1 Ra5 32. Rb5 Qa8 33. Rxa5 Qxa5 34. a4
Nb6 35. d7 Rd8 36. Qb3 Nxd7 37. Ng5 Rf8 38. Rxd7 1-0

[Event "Wellington Club Championship - Open Swiss"]
[Site "Wellington Chess Club"]
[Date "2024.10.10"]
[Round "3.20"]
[White "Osborne, Geoff"]
[Black "Yeo, Kayden"]
[Result "0-1"]
[WhiteElo "1517"]
[BlackElo "1457"]

1. e4 e5 2. Nf3 Nf6 3. Nxe5 Nc6 4. Nxc6 dxc6 5. Nc3 Bc5 6. h3 Qd4 7. Qf3 O-O 8.
d3 Bb4 9. Bd2 Re8 10. Be2 Bd6 11. Bf4 Qb4 12. Rb1 Be5 13. Bxe5 Rxe5 14. O-O Qd6
15. Qe3 Qf8 16. Rbd1 Re6 17. f4 Ne8 18. Bg4 f5 19. Bxf5 Qxf5 20. exf5 Rxe3 21.
Rfe1 Rxe1+ 22. Rxe1 Kf7 23. g4 Nf6 24. Ne4 b6 25. Kf2 Bd7 26. Ng5+ Kg8 27. Ne6
Re8 28. Nxc7 Rxe1 29. Kxe1 Bc8 30. Ke2 Kf7 31. Ke3 Ke7 32. g5 Nd5+ 33. Nxd5+
cxd5 34. Kd4 Bxf5 35. Ke5 Bxh3 36. Kxd5 Be6+ 37. Kc6 Bxa2 38. Kb7 Bb1 39. Kxa7
Bxc2 40. Kxb6 Bxd3 41. b4 Ke6 42. Kc5 Kf5 43. b5 Bxb5 44. Kxb5 Kxf4 0-1

[Event "Wellington Club Championship - Open Swiss"]
[Site "Wellington Chess Club"]
[Date "2024.10.10"]
[Round "3.23"]
[White "List, Robert"]
[Black "Dhamodharam, Aadhav"]
[Result "1/2-1/2"]
[WhiteElo "1653"]
[BlackElo "1477"]
[WhiteFideId "4303490"]
[BlackFideId "0"]
[PlyCount "0"]
[EventDate "2024.09.26"]
[SourceDate ""]

1. e4 c5 2. g3 d6 3. Bg2 Nc6 4. Nf3 Nf6 5. d3 g6 6. O-O Bg7 7. h3 Bd7 8. Kh2 h5
9. c3 e5 10. Bg5 Bh6 11. Bh4 Qe7 12. Na3 O-O-O 13. b4 Rdg8 14. Ng5 Ng4+ 15.
hxg4 Bxg5 16. Rh1 hxg4 17. b5 Nd8 18. Qa4 Kb8 19. d4 Rh7 20. Nc4 b6 21. Qa6
Rgh8 22. Nxb6 axb6 23. Qxb6+ Nb7 24. Qa6 Bxb5 25. Qxb5 Bxh4 26. Kg1 Bg5 27.
dxc5 dxc5 28. Rd1 Rxh1+ 29. Bxh1 Rd8 30. Rb1 Rd2 31. a4 Qc7 32. a5 Kc8 33. a6
Nd6 34. Qa4 Qa7 35. Qc6+ Kd8 36. Rb6 c4 37. Qc5 Qa8 38. Rxd6+ Rxd6 39. Qxd6+
Ke8 40. Qxe5+ Be7 41. Qb5+ Kf8 42. Qxc4 Qa7 43. Qc8+ Kg7 44. Qb7 Bc5 45. Qxa7
Bxa7 46. Kg2 Kf6 47. f3 gxf3+ 48. Kxf3 Ke5 49. Bg2 f6 50. Bf1 g5 51. Bd3 Bc5
52. Ke2 Kd6 53. Bc4 Ke5 54. Kd3 Kd6 55. Bd5 Ba7 56. g4 Bg1 57. Kc4 Bf2 58. Kb5
Bc5 59. Be6 Bg1 60. Bf5 Ba7 61. c4 Bc5 62. Be6 Ba7 63. Bd5 Bg1 64. a7 Bxa7 65.
Ka6 Bg1 66. Kb7 Bc5 67. Kc8 Bb6 1/2-1/2

[Event "Wellington Club Championship - Open Swiss"]
[Site "Wellington Chess Club"]
[Date "2024.10.17"]
[Round "4.1"]
[White "Coates, Alex"]
[Black "Pickering, Dean"]
[Result "1-0"]
[WhiteElo "1887"]
[BlackElo "1274"]
[WhiteFideId "4311540"]
[BlackFideId "0"]
[PlyCount "0"]
[EventDate "2024.09.26"]
[SourceDate ""]

1. d4 d5 2. c4 e6 3. Nc3 Nf6 4. cxd5 exd5 5. Bf4 Bb4 6. e3 c6 7. a3 Bd6 8. Bg3
O-O 9. Nf3 Bg4 10. Be2 h6 11. Qb3 Qc7 12. Rc1 a6 13. Bxd6 Qxd6 14. Qxb7 Nbd7
15. Qb3 Rfb8 16. Qc2 Qe7 17. Na4 Rc8 18. Ne5 Bxe2 19. Nxd7 Nxd7 20. Qxe2 Qd6
21. O-O Re8 22. Qc2 Rac8 23. Nc5 Nxc5 24. Qxc5 Qxc5 25. Rxc5 Re7 26. Rfc1 Rec7
27. Ra5 Rb7 28. b4 Rb6 29. Rxd5 cxd5 30. Rxc8+ Kh7 31. Rc5 Rd6 32. Kf1 Kg6 33.
a4 Kf6 34. Ke2 Ke6 35. Kd3 Kd7 36. b5 a5 37. Kc3 f5 38. Kd3 g6 39. Ke2 g5 40.
b6 Rxb6 41. Rxd5+ Ke6 42. Rxa5 Rb2+ 43. Kf3 g4+ 44. Kg3 Kf7 45. Ra6 Kg7 46. d5
Rd2 47. d6 Kg6 48. h4 Kg7 49. Ra7+ Kf6 50. d7 Ke7 51. a5 Kd8 52. h5 1-0

[Event "Wellington Club Championship - Open Swiss"]
[Site "Wellington Chess Club"]
[Date "2024.10.17"]
[Round "4.2"]
[White "Thirkell, Zachary"]
[Black "He, Zachary"]
[Result "1-0"]
[WhiteElo "1834"]
[BlackElo "1261"]
[WhiteFideId "4322207"]
[BlackFideId "4320905"]
[PlyCount "0"]
[EventDate "2024.09.26"]
[SourceDate ""]

1. d4 d5 2. c4 e6 3. Nf3 Nf6 4. g3 Be7 5. Bg2 O-O 6. O-O Nbd7 7. Qc2 b6 8. b3
Bb7 9. Bb2 Ne4 10. Nbd2 f5 11. Ne5 Nxe5 12. dxe5 Bb4 13. Nf3 c6 14. e3 Rc8 15.
Rad1 Qc7 16. a3 Be7 17. Nd4 Qxe5 18. Nxc6 Qc7 19. Nxa7 Ra8 20. Nb5 Qb8 21. a4
Rc8 22. f3 Nc5 23. f4 dxc4 24. Be5 cxb3 25. Qe2 Bxg2 26. Bxb8 Bxf1 27. Kxf1
Rcxb8 28. Nc3 Nxa4 29. Nxa4 Rxa4 30. Qb5 Ra2 31. Qxb3 Rxh2 32. Qxe6+ Kf8 33.
Rd7 Re8 34. Qxf5+ Kg8 35. Qe6+ Kf8 36. Qxb6 Rh6 37. Qb3 Rg6 38. Kf2 Rd6 39.
Rxd6 Bxd6 40. Qd5 Bb8 41. e4 Ba7+ 42. Kf3 Bb8 43. Qf5+ Kg8 44. e5 Rf8 45. Qe6+
Rf7 46. f5 h6 47. g4 Ba7 48. Qg6 Bd4 49. e6 Rc7 1-0

[Event "Wellington Club Championship - Open Swiss"]
[Site "Wellington Chess Club"]
[Date "2024.10.17"]
[Round "4.3"]
[White "Kang, Eushin"]
[Black "Marney, John"]
[Result "0-1"]
[WhiteElo "1500"]
[BlackElo "1696"]
[WhiteFideId "0"]
[BlackFideId "0"]
[PlyCount "0"]
[EventDate "2024.09.26"]
[SourceDate ""]

1. d4 d5 2. c4 e6 3. Nc3 Nf6 4. cxd5 exd5 5. Bg5 Be7 6. e3 c6 7. Bd3 O-O 8.
Nge2 Nbd7 9. O-O Re8 10. a4 a5 11. f3 Nf8 12. Kh1 Be6 13. Qc2 Ng6 14. e4 dxe4
15. fxe4 Ng4 16. Bd2 Bg5 17. Bxg5 Qxg5 18. Qc1 Qh4 19. h3 Nf2+ 20. Rxf2 Qxf2
21. Nd1 Qh4 22. Ne3 Bxh3 23. gxh3 Qxh3+ 24. Kg1 Nh4 25. Nf4 Qg3+ 26. Nfg2 Re6
27. Be2 Rxe4 28. Kf1 Nxg2 29. Nxg2 Rxe2 30. Kxe2 Qxg2+ 31. Kd3 Qf3+ 32. Kc4
Qd5+ 33. Kc3 Re8 34. Qf4 Rd8 35. Rg1 Qd6 36. Qg5 Qxd4+ 37. Kb3 Qd5+ 0-1

[Event "Wellington Club Championship - Open Swiss"]
[Site "Wellington Chess Club"]
[Date "2024.10.17"]
[Round "4.4"]
[White "Lieser, Joshua"]
[Black "Munim, Ahmed"]
[Result "1-0"]
[WhiteElo "1643"]
[BlackElo "1542"]
[WhiteFideId "4326385"]
[BlackFideId "0"]
[PlyCount "0"]
[EventDate "2024.09.26"]
[SourceDate ""]

1. e4 e5 2. Nf3 Nc6 3. Bc4 Nf6 4. Ng5 d5 5. exd5 b5 6. Bf1 Qxd5 7. Nc3 Qc5 8.
Bxb5 Be7 9. O-O Bg4 10. Qe1 h6 11. Nge4 Nxe4 12. Qxe4 Bd7 13. d3 f5 14. Qf3 Qd6
15. Bxc6 Qxc6 16. Qxc6 Bxc6 17. Re1 Bd6 18. Bf4 O-O-O 19. Bxe5 Rhe8 20. Bxg7
Rg8 21. Bxh6 Rxg2+ 22. Kf1 Bf3 23. Re3 Rdg8 24. Rxf3 Rg1+ 25. Ke2 Rxa1 26. Rxf5
Bxh2 27. Rf8+ Rxf8 28. Bxf8 Be5 29. Bb4 Bxc3 30. Bxc3 Rxa2 31. f4 Kd7 32. f5 a5
33. Ke3 a4 34. Ke4 a3 35. bxa3 Rxa3 36. Be5 Ra2 37. c4 Re2+ 38. Kd4 c6 39. Bg7
Ke8 40. Kc5 Kf7 41. f6 Re6 42. d4 Ke8 43. d5 cxd5 44. Kxd5 Rxf6 $4 45. Bxf6 Kd7
46. c5 Kc8 47. Kd6 1-0

[Event "Wellington Club Championship - Open Swiss"]
[Site "Wellington Chess Club"]
[Date "2024.10.17"]
[Round "4.5"]
[White "Hupert, Leo"]
[Black "Qu, Lucas"]
[Result "0-1"]
[WhiteElo "1389"]
[BlackElo "1620"]
[WhiteFideId "0"]
[BlackFideId "4314620"]
[PlyCount "0"]
[EventDate "2024.09.26"]
[SourceDate ""]

1. e4 e5 2. Nf3 Nc6 3. Nc3 Nf6 4. Bc4 Nxe4 5. Nxe4 d5 6. Bb5 dxe4 7. Nxe5 Qf6
8. Ng4 Qg6 9. f3 Bxg4 10. fxg4 O-O-O 11. Qe2 Nd4 12. Qc4 Qxg4 13. O-O c6 14.
Ba6 bxa6 15. Qxa6+ Kb8 16. Rxf7 Rd7 17. Rf1 Bc5 18. Kh1 Ne2 19. d3 Ng3+ 20.
hxg3 Qh5# 0-1

[Event "Wellington Club Championship - Open Swiss"]
[Site "Wellington Chess Club"]
[Date "2024.10.17"]
[Round "4.6"]
[White "Tan, Jin"]
[Black "Ashe, Michael"]
[Result "0-1"]
[WhiteElo "1582"]
[BlackElo "1591"]
[WhiteFideId "4320972"]
[BlackFideId "4310462"]
[PlyCount "0"]
[EventDate "2024.09.26"]
[SourceDate ""]

1. e4 c6 2. d4 d5 3. Nc3 dxe4 4. Nxe4 Nf6 5. Nxf6+ exf6 6. Nf3 Bd6 7. Be2 O-O
8. Be3 Re8 9. h3 Nd7 10. O-O Nf8 11. Bd3 Be6 12. c4 Qd7 13. h4 Bg4 14. Be2 b5
15. Nh2 Bxe2 16. Qxe2 Bxh2+ 17. Kxh2 Qxd4 18. Bxd4 Rxe2 19. cxb5 cxb5 20. g3
Ne6 21. Bc3 a5 22. a3 a4 23. Rae1 Rxe1 24. Rxe1 Rd8 25. Kg2 h5 26. Re4 Rd5 27.
Rb4 f5 28. Kh3 Kf8 29. b3 Rd3 30. Bxg7+ Kxg7 31. bxa4 bxa4 32. Rxa4 Nc5 33. Ra5
Rc3 34. Rb5 Kg6 35. Kg2 Na4 36. Ra5 Rxa3 37. Ra6+ f6 38. Ra8 Ra2 39. Rg8+ Kh7
40. Rf8 Kg7 41. Rc8 Nb6 42. Rb8 Nc4 43. Rb7+ Kg6 44. Rb3 Ne5 45. Rc3 Rd2 46.
Re3 Rd4 47. f3 f4 48. gxf4 Rxf4 49. Kg3 Rxf3+ 50. Rxf3 Nxf3 51. Kxf3 Kf5 52.
Kg3 Ke4 53. Kg2 Kf4 54. Kh3 Kf3 0-1

[Event "Wellington Club Championship - Open Swiss"]
[Site "Wellington Chess Club"]
[Date "2024.10.17"]
[Round "4.7"]
[White "Xu, Laura"]
[Black "Wilkins, Mark"]
[Result "1/2-1/2"]
[WhiteElo "1500"]
[BlackElo "1906"]
[WhiteFideId "0"]
[BlackFideId "4302389"]
[PlyCount "0"]
[EventDate "2024.09.26"]
[SourceDate ""]

1. e4 c6 2. Nc3 d5 3. Nf3 dxe4 4. Nxe4 Nf6 5. Ng3 Nbd7 6. d4 Nb6 7. c3 Bg4 8.
Be2 e6 9. Ne5 Bxe2 10. Qxe2 Qc7 11. Ne4 Nxe4 12. Qxe4 Nd5 13. O-O Bd6 14. h3
O-O-O 15. Nc4 Bf4 16. Bxf4 Qxf4 17. Qe5 Qxe5 18. dxe5 Rhf8 19. Nd6+ Kc7 20. c4
Nb6 21. f4 Nd7 22. b4 c5 23. Rab1 f6 24. Nb5+ Kb8 25. bxc5 Nxc5 26. exf6 gxf6
27. Rbd1 a6 28. Nc3 Kc7 29. Rxd8 Rxd8 30. Rd1 Rxd1+ 31. Nxd1 Ne4 32. Nf2 Nc3
33. a3 Ne2+ 34. Kf1 Nxf4 35. g3 Ng6 36. Ne4 f5 37. Ng5 Nf8 38. Ke2 Kc6 39. Kd3
Kc5 40. Nf7 b6 41. Ne5 Ng6 42. Nd7+ Kc6 43. Nb8+ Kb7 44. Nd7 Kc7 45. Nf6 h6 46.
Ne8+ Kd7 47. Nf6+ Kc6 48. Ng8 h5 49. h4 f4 50. gxf4 Nxf4+ 51. Ke4 Ng6 52. Nf6
Nxh4 53. Nxh5 Ng6 54. Ng7 Kd7 55. Kd4 Ne7 56. Nh5 Nc6+ 57. Ke4 Kd6 58. Nf4 Na5
59. Kd3 Nb3 60. Kc3 Nc5 61. Kb4 e5 62. Nd5 Nd7 63. a4 e4 64. a5 bxa5+ 65. Kxa5
Nc5 66. Kb6 Nd3 67. Kxa6 Kc5 68. Ka5 Kxc4 69. Ne3+ Kb3 70. Kb5 Kc3 71. Kc6 Kd2
72. Nf5 Nf2 73. Kd5 Kd3 74. Ke5 Ng4+ 75. Kf4 Nh6 76. Nxh6 e3 77. Ng4 e2 78.
Ne5+ 1/2-1/2

[Event "Wellington Club Championship - Open Swiss"]
[Site "Wellington Chess Club"]
[Date "2024.10.17"]
[Round "4.8"]
[White "Dhamodharam, Aadhav"]
[Black "Hurndell, Robert"]
[Result "1/2-1/2"]
[WhiteElo "1477"]
[BlackElo "1730"]
[WhiteFideId "0"]
[BlackFideId "4310233"]
[PlyCount "0"]
[EventDate "2024.09.26"]
[SourceDate ""]

1. e4 c5 2. Nf3 d6 3. d4 cxd4 4. Nxd4 Nf6 5. Nc3 a6 6. Be3 Bd7 7. Qd2 Nc6 8. f3
e6 9. O-O-O Be7 10. g4 h6 11. Be2 Qc7 12. h4 O-O-O 13. g5 hxg5 14. hxg5 Nh5 15.
Nb3 Kb8 16. Na4 Rdg8 17. Bb6 Qc8 18. Na5 Nxa5 19. Qxa5 Bxa4 20. Qxa4 Ng3 21.
Rxh8 Nxe2+ 22. Kd2 Bxg5+ 23. Kxe2 Rxh8 24. Rxd6 Bd8 25. Rxd8 Rxd8 26. Bxd8 Qxd8
1/2-1/2

[Event "Wellington Club Championship - Open Swiss"]
[Site "Wellington Chess Club"]
[Date "2024.10.17"]
[Round "4.9"]
[White "Ulm, Eric"]
[Black "Brockway, Andrew"]
[Result "1/2-1/2"]
[WhiteElo "1473"]
[BlackElo "1713"]
[WhiteFideId "4325575"]
[BlackFideId "4301340"]
[PlyCount "0"]
[EventDate "2024.09.26"]
[SourceDate ""]

1. e4 c6 2. d4 d5 3. Nd2 dxe4 4. Nxe4 Nd7 5. Ng5 Ngf6 6. Bd3 e6 7. N1f3 Be7 8.
Qe2 O-O 9. Ne5 h6 10. Nxd7 Bxd7 11. Ne4 Nxe4 12. Qxe4 Qa5+ 13. Bd2 Qf5 14. Qxf5
exf5 15. O-O Bf6 16. c3 Rfe8 17. Rfe1 Kh7 18. Rxe8 Rxe8 19. Re1 Rxe1+ 20. Bxe1
1/2-1/2

[Event "Wellington Club Championship - Open Swiss"]
[Site "Wellington Chess Club"]
[Date "2024.10.17"]
[Round "4.11"]
[White "Rippon, Joshua"]
[Black "Miriyala, Sreenikesh"]
[Result "1-0"]
[WhiteElo "1772"]
[BlackElo "948"]
[WhiteFideId "0"]
[BlackFideId "4325532"]
[PlyCount "0"]
[EventDate "2024.09.26"]
[SourceDate ""]

1. e4 d6 2. d4 Nf6 3. Nc3 g6 4. Nf3 Bg7 5. Bc4 O-O 6. h3 Nbd7 7. Bg5 e5 8. dxe5
dxe5 9. Nd5 b6 10. Nxf6+ Bxf6 11. Bxf6 Nxf6 12. Nxe5 Qxd1+ 13. Rxd1 Nxe4 14.
Bd5 Rb8 15. Nc6 Re8 16. O-O Rb7 17. Rfe1 Nd6 18. Rxe8+ Nxe8 19. Ne7+ Kg7 20.
Nxc8 Rb8 21. Nxa7 Rd8 22. Bf3 Rxd1+ 23. Bxd1 Nd6 24. b3 Ne4 25. a4 Nc3 26. Bf3
Na2 27. Nc6 Kf6 28. b4 Ke6 29. a5 Kd6 30. a6 Nxb4 31. Nxb4 c6 32. a7 Kc7 33.
Bxc6 Kc8 34. a8=Q+ Kc7 35. Qb7+ Kd8 36. Qd7# 1-0

[Event "Wellington Club Championship - Open Swiss"]
[Site "Wellington Chess Club"]
[Date "2024.10.17"]
[Round "4.12"]
[White "Farrington, Lawrence B"]
[Black "Thingbaijam, Conan"]
[Result "1-0"]
[WhiteElo "1646"]
[BlackElo "1325"]
[WhiteFideId "4301749"]
[BlackFideId "4326792"]
[PlyCount "0"]
[EventDate "2024.09.26"]
[SourceDate ""]

1. d4 Nf6 2. c4 g6 3. Nc3 Bg7 4. Bg5 d6 5. Nf3 O-O 6. e3 c5 7. d5 e5 8. e4 Nbd7
9. Be2 h6 10. Be3 b6 11. Qd2 Kh7 12. Qc2 Bb7 13. O-O Qe7 14. h3 Kh8 15. Nb5 a6
16. Nc3 Kh7 17. Nh2 Rg8 18. Qc1 Raf8 19. Ng4 g5 20. Nxf6+ Bxf6 21. Kh1 Rb8 22.
Bg4 Ba8 23. Ne2 b5 24. b3 bxc4 25. bxc4 a5 26. Nc3 Bb7 27. Rb1 Ba6 28. Nb5 Rb7
29. a4 Kh8 30. Qc2 Rg7 31. Bd2 Bxb5 32. Rxb5 Rxb5 33. axb5 Qd8 34. Bxd7 Qxd7
35. Bxa5 Bd8 36. Bxd8 Qxd8 37. Ra1 Rg8 38. Ra6 Qc8 39. Qd2 Kh7 40. Qa5 g4 41.
h4 g3 42. f3 f5 43. Ra7+ Kh8 44. Qa6 Qxa6 45. Rxa6 Rd8 46. exf5 Kg7 47. Kg1 Kf6
48. Ra7 Kxf5 49. Kf1 Kf4 50. Ke2 Rb8 51. Rf7# 1-0

[Event "Wellington Club Championship - Open Swiss"]
[Site "Wellington Chess Club"]
[Date "2024.10.17"]
[Round "4.13"]
[White "Dey, Kyle"]
[Black "Page, Archer"]
[Result "0-1"]
[WhiteElo "917"]
[BlackElo "1600"]
[WhiteFideId "4326369"]
[BlackFideId "0"]
[PlyCount "0"]
[EventDate "2024.09.26"]
[SourceDate ""]

1. e4 Nf6 2. Nc3 e5 3. Nf3 Nc6 4. Bc4 Nxe4 5. Nxe4 d5 6. Bxd5 $6 { Inaccuracy.
Bd3 was best.   A common mistake, Saving the Knight is better. }  (6. Bd3 dxe4
7. Bxe4 Bd6 8. d4 exd4 9. O-O O-O) 6... Qxd5 7. Nc3 Qd6 { Here I am out of my
theory } 8. O-O Bg4 { So I decided to pin his Knight and work it out from
there. If h3 I drop back to h5 and the game continues } 9. d3 $6 { Inaccuracy.
h3 was best.   I correctly spot that this natural move is inaccurate,
calculating that after Nd4 I can force doubled pawns around his king. }  (9. h3
Bh5 10. Ne4 Qd5 11. Nc3 Qa5) 9... Nd4 { I considered O-O-O, but was more in
favour of a concrete advantage that I get with Nd4, as I can force an bad
trade. }  (9... O-O-O $1 { After O-O-O there are multiple continuations, all
are bad for white but the advantage is less straight-forward } ) 10. Be3 $6 {
Inaccuracy. Ne4 was best.   This isn't nearly as bad of a mistake as the
computer says, as Ne4 is tricky to spot and play unless you see the Ned2 idea,
which I didn't when I played Nd4 }  (10. Ne4 Qd5 11. Ned2 O-O-O 12. h3 Bh5 13.
g4 Bg6) 10... Nxf3+ 11. gxf3 Bh3 12. Ne4 $2 { Mistake. Kh1 was best.   Tough
position, apparently sacrificing the rook is the best outcome for white. }  (
12. Kh1 Bxf1 13. Qxf1 Be7 14. Qg2 O-O 15. Rg1 g6 16. Bh6) 12... Qg6+ 13. Ng5 $6
{ Ng3 here is clearly the better move. }  (13. Ng3 h5 14. Re1 h4 15. Qd2 hxg3
16. fxg3) 13... h6 14. Re1 hxg5 15. Re2 g4 16. f4 g3 $5 { Inaccuracy. Qc6 was
best.   I wouldn't call this an inaccuracy, just a missed opportunity. g3 still
wins a piece, and I saw that. }  (16... Qc6 $1 17. f3 gxf3 18. Rd2 Qg6+ 19. Kh1
Bg2+ 20. Kg1 Be7 21. Bxa7 Rxa7 22. d4) 17. fxg3 Bg4 18. fxe5 Qh5 19. Kf2 $6 {
Inaccuracy. Kf1 was best. }  (19. Kf1 O-O-O 20. d4 f6 21. exf6 gxf6 22. Qd3
Bxe2+ 23. Qxe2 Qh3+ 24. Qg2 Qxh2) 19... Qxh2+ 20. Ke1 Bxe2 21. Qxe2 Qh1+ $5 {
Slight inaccuracy, but I am clearly winning }  (21... Qxg3+ 22. Kd2 Rh2 23. Re1
Rxe2+ 24. Rxe2) 22. Qf1 Qxf1+ 23. Kxf1 Rh1+ 24. Bg1 Bc5 25. Re1 $6 { That is a
free piece. }  (25. Kg2 Rxg1+ 26. Rxg1 Bxg1 27. Kxg1) 25... Rxg1+ 26. Ke2 Rxe1+
27. Kxe1 Bd4 28. b3 Bxe5 29. Ke2 Bxg3 30. Kf3 Bd6 31. c4 f5 32. Ke3 g5 33. Kf3
g4+ 34. Kg2 O-O-O 35. Kf2 g3+ 36. Kf3 Rg8 37. Kg2 f4 38. d4 f3+ 39. Kxf3 g2 40.
c5 g1=Q 41. cxd6 Re8 42. d5 Qf1+ 43. Kg4 Rg8+ 44. Kh4 Qh1# 0-1

[Event "Wellington Club Championship - Open Swiss"]
[Site "Wellington Chess Club"]
[Date "2024.10.17"]
[Round "4.14"]
[White "Kvindt, Max"]
[Black "Sun, William"]
[Result "1-0"]
[WhiteElo "1400"]
[BlackElo "807"]
[WhiteFideId "0"]
[BlackFideId "4326784"]
[PlyCount "0"]
[EventDate "2024.09.26"]
[SourceDate ""]

1. e4 c6 2. d4 d5 3. e5 Bf5 4. h4 c5 5. dxc5 e6 6. g4 Be4 7. f3 Bg6 8. h5 Bxh5
9. Rxh5 Bxc5 10. Bb5+ Nc6 11. Ne2 Qa5+ 12. Nbc3 d4 13. Nxd4 Bxd4 14. Qxd4 a6
15. Bxc6+ bxc6 16. Qa4 Qc5 17. Rh1 Qxe5+ 18. Ne4 Nf6 19. Qxc6+ Ke7 20. Qc5+ 1-0